000 00439nam a2200145 a 4500
001 000030744
005 20200930062502.0
008 110527s1976 dr 000 0 spa d
040 _aDO-SdBNP
_bspa
_cBNPHU
100 1 _aPérez Peña, Altagracia
_957318
245 1 0 _aConsagración :
_bhomenaje a Juan Pablo Duarte /
_cAltagracia Pérez.
260 _a[Santo Domingo] :
_bEditora Padilla,
_c1976.
300 _a4 p. ;
_c21 cm.
049 _aBNPD
999 _c30236
_d30236